AS Monaco (2017-2018) - Statistiques

Statistiques générales
  • Ce quiz a été pris 111 fois
  • Le résultat moyen est 15 sur 25
Statistiques - réponses
Hint Réponse % Correct
1 Gardien Croatie Danijel Subašić 2012
96%
9 Attaquant Colombie Radamel Falcao 2013
95%
25 Défenseur Pologne Kamil Glik 2016
93%
2 Milieu Brésil Fabinho 2013
80%
10 Attaquant France Kylian Mbappé 2016
79%
8 Milieu Portugal João Moutinho 2013
78%
19 Défenseur France Djibril Sidibé 2016
74%
5 Défenseur Brésil Jemerson 2016
74%
24 Défenseur Italie Andrea Raggi 2012
73%
17 Milieu Belgique Youri Tielemans 2017
72%
27 Milieu France Thomas Lemar 2015
70%
16 Gardien Suisse Diego Benaglio 2017
65%
11 Attaquant Argentine Guido Carrillo 2015
58%
38 Défenseur Mali Almamy Touré 2013
55%
30 Gardien Sénégal Seydou Sy 2014
51%
12 Milieu Algérie Rachid Ghezzal 2017
48%
6 Défenseur Brésil Jorge 2017
47%
4 Défenseur Pays-Bas Terence Kongolo 2017
45%
20 Milieu Portugal Rony Lopes 2015
42%
28 Milieu Mali Adama Traoré 2015
41%
26 Milieu Brésil Gabriel Boschilia 2015
35%
15 Attaquant France Adama Diakhaby 2017
30%
31 Milieu Portugal Gil Dias 2014
21%
14 Milieu Maroc Youssef Aït Bennasser 2016
18%
18 Milieu France Soualiho Meïté 2017
15%
Aucun quiz correspondant
Distribution des résultats
% des personnes avec chaque résultat
Percentile par nombre de réponses
Votre historique - résultats
Vous n’avez pas pris ce quiz